Características y retos de un mundo globalizado (Registro nro. 31170)
[ vista simple ]
| 000 -LEADER | |
|---|---|
| fixed length control field | 00335 a2200109 4500 |
| 001 - CONTROL NUMBER | |
| control field | ART_46784 |
| 005 - DATE AND TIME OF LATEST TRANSACTION | |
| control field | 20260410162000.0 |
| 008 - FIXED-LENGTH DATA ELEMENTS--GENERAL INFORMATION | |
| fixed length control field | 260409a |
| 100 1# - MAIN ENTRY--PERSONAL NAME | |
| Personal name | Lafer, Celso |
| 245 10 - TITLE STATEMENT | |
| Title | Características y retos de un mundo globalizado |
| 773 0# - HOST ITEM ENTRY | |
| Title | Archivos del presente |
| Related parts | - Año 16, Nº 57/58 (ene. 2012) |
| Record control number | REV28180 |
No hay ítems disponibles.